000
00280nam a2200097Ia 4500
008
230915s9999 xx 000 0 und d
050
_a
TR 146 .L66 1996
100
_a
LONDON BARBARA
245
0
_a
PHOTOGRAPHY, AN INTRODUCTION TO BLACK-AND-WHITE PHOTOGRAPHIC TECHNIQUE
942
_c
BK
999
_c
205562
_d
205562